|
|
|
|
| LEADER |
00624cam a2200193 7i4500 |
| 001 |
0000026976 |
| 005 |
20110922090000.0 |
| 020 |
0 |
0 |
|a 9839946722
|
| 090 |
0 |
0 |
|a B 658.385
|b KAU
|
| 245 |
0 |
0 |
|a Kaunseling Organisasi :
|b modul III.
|
| 250 |
0 |
0 |
|a 2nd ed..
|
| 260 |
0 |
0 |
|a Putrajaya:
|b Kelab Kebajikan Bahagian Psikologi, Jabatan Perkihidmatan Awam,
|c 2004.
|
| 300 |
# |
# |
|a 97p.
|
| 440 |
# |
# |
|a Siri peningkatan kemahiran kaunseling;
|v 3
|
| 650 |
0 |
0 |
|a Civil service --
|z Malaysia
|
| 650 |
0 |
0 |
|a Employees --
|x Counseling of --
|z Malaysia
|
| 650 |
0 |
0 |
|a Counseling
|
| 651 |
0 |
0 |
|a Malaysia
|
| 999 |
|
|
|a 0000028753
|b Book
|c Book
|e Business Information Centre
|